Statistics for Capital Cities that End in IA

Click here to take the quiz!

General Stats

  • This quiz has been taken 67 times
  • The average score is 4 of 8

Answer Stats

Capital% Correct
Brasilia
68%
Monrovia
61%
Sofia
56%
Pretoria
54%
Apia
41%
Victoria
34%
Nicosia
31%
Praia
27%

Score Distribution

Percentile by Number Answered

Percent of People with Each Score

Your Score History

You have not taken this quiz